Statistics for The Safest Countries in the World

Click here to take the quiz!

General Stats

  • This quiz has been taken 65 times
  • The average score is 15 of 20

Answer Stats

PlacePeace IndexCountry% Correct
2.1.310Denmark
97%
1.1.124Iceland
97%
10.1.339Switzerland
95%
3.1.312Ireland
92%
9.1.336Japan
92%
11.1.350Canada
90%
13.1.399Finland
89%
4.1.313New Zealand
89%
5.1.316Austria
85%
16.1.490Netherlands
85%
20.1.523Belgium
84%
15.1.456Germany
82%
6.1.332Singapore
80%
7.1.333Portugal
77%
12.1.379Czech Republic
74%
8.1.334Slovenia
66%
18.1.508Hungary
52%
14.1.450Croatia
51%
19.1.513Malaysia
36%
17.1.496Bhutan
31%

Score Distribution

Percentile by Number Answered

Percent of People with Each Score

Your Score History

You have not taken this quiz